000 nam a22 a 4500
999 _c428276
_d428276
003 BLK
005 20210813083931.0
008 210722b bul|||||r ||||||| ||bul||
040 _aBLK
041 _aRUS
_cRUS
080 _aРуска литература
_b821.161.1
_x-3
_z821.161.1-3
100 1 _aСалтыков-Щедрин, Михаил Евграфович
_eпърви автор
_9118617
139 _aСалтыков-Щедрин, Михаил Евграфович
_bС 15
245 1 0 _aКруглый год
_bОчерки
_cМ. Е. Салтыков-Щедрин
250 _a2. изд.
257 _aRUS
260 _aСанкт-Петербург
_bН. П. Карбасников
_c1883
_9218089
300 _a192, [1] с.
_c21 см
380 _aX
490 _9435080
_aКолекция Редки и ценни издания
852 _aРр 883
_bРц
856 4 _qpdf
856 4 _qpdf
942 _cKNG
_n0
_s1
944 _aCR
_c2021-08-13
_kнр
999 _d428268